000 01097nam2a22002651 4500
001 RU\NLR\INFOCOMM10\1000281376
005 20250617124624.0
035 _a(NLR Aleph) 002609766
090 _a3519504
_c3519504
100 _a20040915d1968 |||y0rusy50 ca
101 0 _arus
102 _aRU
105 _ay |||||||||
200 1 _aСтационарный магнитный дефектоскоп У-604-64
_fС.П. Луцько и др.
210 _d1968
_aБ. м.
225 1 _aТема 14
_vВып.121
461 0 _1001RU\NLR\INFOCOMM10\1000264961
_12001#$aПередовой научно-технический и производственный опыт$fГос. Ком. Совета Министров РСФСР по координации науч.-исслед. работ. Гос. Науч.-исслед. ин-т науч. и техн. информации$v1968, №7-68-915
700 1 _aЛуцько
_bС.П.
_4070
801 1 _aRU
_bInfoComm
_c20040915
801 0 _aRU
_bNLR
_gPSBO
852 _aNLR
_jП11/2295
942 _cISSUE
980 _aNB
980 _aRUSPER